000 00567nam a2200229Ia 4500
003 OSt
005 20220924134822.0
006 a|||||r|||| 00| 0
007 ta
008 220923b |||||||| |||| 00| 0 ben d
024 _a287398
037 _cTextual
040 _aARTS
_cARTS
_bben
041 _2ben
_aben
082 _aB9, 157G9
100 _aThakur Ravindranath
_9209324
245 0 _aVishwa parichaya
260 _c1939
650 _aMATHEMATICS
_92141
942 _hB9, 157G9
_cTEXL
_2CC
999 _c438727
_d438727